[Event "Championnat de France des Jeunes - Junio"]
[Site "LE GRAND BORNAND"]
[Date "2007.04.11"]
[Round "4.1"]
[White "Feller, Sebastien"]
[Black "Pieroni, Guillaume"]
[Result "1-0"]
[WhiteElo "2445"]
[BlackElo "2200"]
[PlyCount "112"]

1. d4 Nf6 2. c4 e6 3. g3 d5 4. Nf3 Be7 5. Bg2 O-O 6. Qc2 Nbd7 7. O-O a6 8. Nbd2
c5 9. Rd1 cxd4 10. Nxd4 Ne5 11. N4f3 Ng6 12. cxd5 Nxd5 13. h4 h5 14. Nf1 Qc7
15. Qxc7 Nxc7 16. Bg5 f6 17. Bd2 e5 18. Rac1 Ne8 19. a3 Be6 20. N3h2 Kf7 21.
Ne3 Rd8 22. Ba5 Rxd1+ 23. Rxd1 Nd6 24. Bb4 Nc4 25. Nxc4 Bxc4 26. Bf3 Rd8 27.
Rc1 b5 28. Bxh5 Bxb4 29. axb4 f5 30. Nf3 Kf6 31. Bxg6 e4 32. b3 Bd5 33. Nd4
Kxg6 34. e3 Kf6 35. Rc7 g6 36. Ra7 Ra8 37. Rd7 Ke5 38. Rh7 Kf6 39. h5 Bf7 40.
hxg6 Kxg6 41. Rh4 Rd8 42. Kg2 Kg5 43. Rh7 Kg6 44. Rh1 Bd5 45. Rc1 Kf6 46. Rc7
Ke5 47. Rh7 Rd6 48. Rh5 Be6 49. g4 Rxd4 50. exd4+ Kxd4 51. gxf5 Bxb3 52. f6 Be6
53. Rh7 Kc4 54. Ra7 Kxb4 55. Rxa6 Bd5 56. Rd6 Ba2 1-0

[Event "Championnat de France des Jeunes - Junio"]
[Site "LE GRAND BORNAND"]
[Date "2007.04.11"]
[Round "4.2"]
[White "Platel, Alexandre"]
[Black "Delorme, Alban"]
[Result "1/2-1/2"]
[WhiteElo "2197"]
[BlackElo "2221"]
[PlyCount "53"]

1. e4 c5 2. Nf3 e6 3. c3 Nf6 4. e5 Nd5 5. Bc4 Nb6 6. Bb3 Nc6 7. O-O d6 8. d4
dxe5 9. dxe5 Qc7 10. Bf4 c4 11. Bc2 Nd5 12. Bg3 b5 13. Be4 Qd7 14. Ng5 g6 15.
Qf3 h6 16. Bxd5 exd5 17. Qf6 Rg8 18. Nxf7 Qe6 19. Nd6+ Bxd6 20. Qxe6+ Bxe6 21.
exd6 Kd7 22. Nd2 Bf5 23. Rfe1 Rge8 24. Nf3 Be4 25. Nd2 Bf5 26. Nf3 Be4 27. Nd2
1/2-1/2

[Event "Championnat de France des Jeunes - Junio"]
[Site "LE GRAND BORNAND"]
[Date "2007.04.11"]
[Round "4.3"]
[White "Przymusinski, Nicolas"]
[Black "Le Goff, Damien"]
[Result "0-1"]
[WhiteElo "2067"]
[BlackElo "2279"]
[PlyCount "72"]

1. e4 c5 2. Nf3 d6 3. d4 cxd4 4. Qxd4 a6 5. c4 Nc6 6. Qd2 Nf6 7. Nc3 Bg4 8. Be2
g6 9. b3 Bg7 10. Bb2 O-O 11. O-O Qa5 12. Rfd1 Rfc8 13. a3 Qd8 14. Rac1 Rab8 15.
h3 Bxf3 16. Bxf3 b5 17. Nd5 Nxd5 18. Bxg7 Kxg7 19. cxd5 Ne5 20. Bg4 Rxc1 21.
Rxc1 h5 22. Be2 Rc8 23. Rc3 Rxc3 24. Qxc3 Qb6 25. Kf1 Qc5 26. Qxc5 dxc5 27. f4
Nd7 28. Kf2 Kf6 29. Ke3 h4 30. e5+ Kg7 31. b4 c4 32. Kd4 e6 33. Bg4 f5 34. dxe6
Nb6 35. Kc5 fxg4 36. Kxb6 Kf8 0-1

[Event "Championnat de France des Jeunes - Junio"]
[Site "LE GRAND BORNAND"]
[Date "2007.04.11"]
[Round "4.4"]
[White "Benedic, Patrick"]
[Black "Entem, Alan"]
[Result "1/2-1/2"]
[WhiteElo "2060"]
[BlackElo "2168"]
[PlyCount "63"]

1. e4 c5 2. Nf3 Nc6 3. d4 cxd4 4. Nxd4 g6 5. Nc3 Bg7 6. Be3 Nf6 7. Bc4 Qa5 8.
O-O O-O 9. h3 Nxe4 10. Nxe4 d5 11. Nb3 Qc7 12. Bxd5 Rd8 13. Bxf7+ Kxf7 14. Qf3+
Kg8 15. Bf4 e5 16. Bg3 Bf5 17. Rfe1 a5 18. Qc3 Kh8 19. Bh4 Rdc8 20. Bf6 Bxf6
21. Nxf6 Qg7 22. Nd5 Nd4 23. Qg3 Nxc2 24. Nb6 Nxa1 25. Rxa1 a4 26. Nxa8 Rxa8
27. Nd2 Rc8 28. Qa3 Rc2 29. Nf1 e4 30. Qxa4 Qxb2 31. Qe8+ Kg7 32. Qe7+ 1/2-1/2

[Event "Championnat de France des Jeunes - Junio"]
[Site "LE GRAND BORNAND"]
[Date "2007.04.11"]
[Round "4.5"]
[White "Houard, Sebastien"]
[Black "Soyez, Cyril"]
[Result "0-1"]
[WhiteElo "2041"]
[BlackElo "2155"]
[PlyCount "73"]

1. e4 c5 2. Nf3 d6 3. d4 Nf6 4. Nc3 cxd4 5. Nxd4 g6 6. Be3 Bg7 7. f3 O-O 8. Qd2
Nc6 9. Bc4 Bd7 10. O-O-O Qa5 11. h4 Ne5 12. Bb3 Rfc8 13. g4 Rc4 14. g5 Nh5 15.
f4 Rxd4 16. Qxd4 Ng4 17. Qd2 Ng3 18. Rhe1 Bxc3 19. Qxc3 Qxc3 20. bxc3 Nxe4 21.
Bd4 Bc6 22. h5 e5 23. fxe5 dxe5 24. Bg1 Nxg5 25. hxg6 hxg6 26. Rd6 Kg7 27. Bc5
f5 28. Ba3 Nf3 29. Red1 e4 30. Re6 Re8 31. Be7 e3 32. Rdd6 Nfe5 33. Bg5 e2 34.
Bh4 Rxe6 35. Rxe6 Nf3 36. Re7+ Kh6 37. Bg8 0-1

[Event "Championnat de France des Jeunes - Junio"]
[Site "LE GRAND BORNAND"]
[Date "2007.04.11"]
[Round "4.6"]
[White "Ferrier, David"]
[Black "Iglesias, Joachim"]
[Result "0-1"]
[WhiteElo "1992"]
[BlackElo "2144"]
[PlyCount "78"]

1. d4 d5 2. c4 c6 3. Nf3 Nf6 4. Nc3 a6 5. c5 Bf5 6. Bf4 Nbd7 7. Rc1 Nh5 8. Bd2
h6 9. Nh4 Bh7 10. e4 e5 11. Qxh5 exd4 12. exd5 dxc3 13. Rxc3 cxd5 14. Nf5 Bxf5
15. Qxf5 Bxc5 16. Qxd5 O-O 17. Be2 Re8 18. Rf3 Ne5 19. Qxc5 Rc8 20. Qa3 Nxf3+
21. Qxf3 Rc2 22. Be3 Qa5+ 23. Kf1 Rxb2 24. g4 Qxa2 25. Bd3 Qb3 26. Be2 Qc2 27.
Bd1 Rxe3 28. fxe3 Qd2 29. Be2 Rb6 30. Qe4 Re6 31. Qxb7 Qxe3 32. Qc8+ Kh7 33.
Qc2+ g6 34. h4 Qg3 35. g5 Re5 36. h5 Rf5+ 37. Qxf5 gxf5 38. g6+ fxg6 39. hxg6+
Qxg6 0-1

[Event "Championnat de France des Jeunes - Junio"]
[Site "LE GRAND BORNAND"]
[Date "2007.04.11"]
[Round "4.7"]
[White "Nass, Emile"]
[Black "Mania, Clement"]
[Result "1-0"]
[WhiteElo "2071"]
[BlackElo "1912"]
[PlyCount "38"]

1. d4 Nc6 2. Nf3 d5 3. g3 Bg4 4. Bg2 Qd7 5. h3 Bf5 6. Bf4 O-O-O 7. c3 e6 8.
Nbd2 Bd6 9. Bxd6 cxd6 10. Nh4 Bg6 11. e4 dxe4 12. Nxe4 Nge7 13. Qe2 f5 14. Ng5
e5 15. d5 Nb8 16. Qc4+ Nbc6 17. dxc6 bxc6 18. Nxg6 hxg6 19. Nf7 Qe6 1-0

[Event "Championnat de France des Jeunes - Junio"]
[Site "LE GRAND BORNAND"]
[Date "2007.04.11"]
[Round "4.8"]
[White "Cotonnec, Melkior"]
[Black "Garro, Pierre"]
[Result "1-0"]
[WhiteElo "2231"]
[BlackElo "2176"]
[PlyCount "101"]

1. e4 c5 2. Nf3 Nc6 3. d4 cxd4 4. Nxd4 e5 5. Nb5 d6 6. N1c3 a6 7. Na3 b5 8. Nd5
Nf6 9. Bg5 Be7 10. Bxf6 Bxf6 11. c3 Ne7 12. Nxf6+ gxf6 13. Be2 Bb7 14. Bf3 f5
15. exf5 d5 16. O-O Nxf5 17. Re1 e4 18. Bg4 Ng7 19. Nc2 Qg5 20. a4 bxa4 21.
Rxa4 f5 22. Be2 O-O 23. Rb4 Qe7 24. Qd4 f4 25. Qb6 Rf7 26. Bg4 Qg5 27. Bh3 Kh8
28. Qd4 Rd8 29. Rb6 Kg8 30. Qd2 Kh8 31. Nb4 a5 32. Nc2 Rg8 33. Qd4 h6 34. Be6
Rgf8 35. Bxf7 Rxf7 36. b4 Kh7 37. bxa5 Nf5 38. Qe5 Ba8 39. Nd4 f3 40. g3 e3 41.
Rxe3 Nxe3 42. Qxg5 hxg5 43. fxe3 Rc7 44. Nxf3 Rxc3 45. Nxg5+ Kg7 46. Ne6+ Kh7
47. Rb8 Rxe3 48. Nf8+ Kg7 49. Rxa8 d4 50. Rd8 d3 51. Ne6+ 1-0

[Event "Championnat de France des Jeunes - Junio"]
[Site "LE GRAND BORNAND"]
[Date "2007.04.11"]
[Round "4.9"]
[White "Ryan, Martin"]
[Black "Pantioukhine, Slava"]
[Result "1-0"]
[WhiteElo "2010"]
[BlackElo "1967"]
[PlyCount "53"]

1. Nf3 f5 2. d3 Nf6 3. e4 d6 4. e5 dxe5 5. Nxe5 Nbd7 6. Bf4 Nxe5 7. Bxe5 e6 8.
Be2 Bd6 9. d4 O-O 10. O-O b6 11. Bf3 Rb8 12. Nc3 Bxe5 13. dxe5 Qxd1 14. Raxd1
Ng4 15. Rfe1 a6 16. Bc6 b5 17. f4 Rb6 18. Bf3 Nh6 19. Rd2 Nf7 20. Red1 g5 21.
g3 c5 22. Kf2 Bb7 23. Rd7 Bxf3 24. Kxf3 Rfb8 25. Rc7 Rd8 26. Rxd8+ Nxd8 27. Rc8
1-0

[Event "Championnat de France des Jeunes - Junio"]
[Site "LE GRAND BORNAND"]
[Date "2007.04.11"]
[Round "4.10"]
[White "Atanane, Cedric"]
[Black "Henry, Florent"]
[Result "1-0"]
[WhiteElo "2002"]
[BlackElo "1810"]
[PlyCount "37"]

1. e4 e5 2. Nf3 Nc6 3. Bb5 Nf6 4. O-O d6 5. d4 exd4 6. Nxd4 Bd7 7. c3 a6 8. Ba4
Be7 9. Nd2 O-O 10. f4 b5 11. Bc2 Re8 12. Qf3 Qc8 13. e5 Nxd4 14. cxd4 Ng4 15.
f5 h5 16. h3 Nxe5 17. dxe5 dxe5 18. Qxh5 f6 19. Bb3+ 1-0

[Event "Championnat de France des Jeunes - Junio"]
[Site "LE GRAND BORNAND"]
[Date "2007.04.11"]
[Round "4.11"]
[White "Tafforeau, Romain"]
[Black "Cabel-Simon, Remi"]
[Result "1/2-1/2"]
[WhiteElo "1989"]
[BlackElo "1853"]
[PlyCount "62"]

1. d4 g6 2. c4 Bg7 3. Nc3 d6 4. e4 Nc6 5. Be3 e5 6. Nge2 f5 7. f3 Nf6 8. d5 Ne7
9. Qd2 h6 10. h3 g5 11. O-O-O f4 12. Bf2 a6 13. g3 Ng6 14. gxf4 gxf4 15. h4 h5
16. Bh3 Bxh3 17. Rxh3 Qd7 18. Rh2 b5 19. Rg2 Kf7 20. Rdg1 Rh6 21. Qd3 b4 22.
Nd1 a5 23. Kb1 Rg8 24. Rh1 Ne7 25. Ng1 Nh7 26. Nh3 Bf6 27. Qf1 Rxg2 28. Qxg2
Rg6 29. Qf1 Qa4 30. b3 Qd7 31. Kc2 c5 1/2-1/2

[Event "Championnat de France des Jeunes - Junio"]
[Site "LE GRAND BORNAND"]
[Date "2007.04.11"]
[Round "4.12"]
[White "Juchet, Mathieu"]
[Black "Sally, Paul-Adrien"]
[Result "1/2-1/2"]
[WhiteElo "1790"]
[BlackElo "1973"]
[PlyCount "95"]

1. d4 Nf6 2. Bg5 c6 3. Nd2 Qa5 4. Bxf6 exf6 5. c3 d5 6. e3 Bf5 7. Ngf3 Nd7 8.
Nb3 Qc7 9. Bd3 Bxd3 10. Qxd3 Bd6 11. h3 a5 12. a4 Nb6 13. Nbd2 g6 14. O-O f5
15. c4 dxc4 16. Nxc4 O-O 17. Nfe5 Bxe5 18. Nxe5 Rfe8 19. Rac1 Rad8 20. Qb3 Kg7
21. Rc5 f6 22. Nd3 Rd5 23. Rxd5 Nxd5 24. Rc1 Qc8 25. Qa3 Rd8 26. Qc5 Qc7 27.
Re1 b6 28. Qa3 Qd6 29. Qxd6 Rxd6 30. g3 Kf7 31. Rb1 Ke6 32. Kf1 g5 33. Re1 Nc7
34. Rd1 Kd5 35. b3 Na6 36. f4 c5 37. dxc5 Nxc5 38. Nxc5+ Kxc5 39. Rxd6 Kxd6 40.
Ke2 Kd5 41. Kd3 h5 42. h4 g4 43. Kd2 Kc5 44. Kc3 Kd5 45. Kd2 Ke4 46. Ke2 Kd5
47. Kd2 Kc5 48. Kc3 1/2-1/2

[Event "Championnat de France des Jeunes - Junio"]
[Site "LE GRAND BORNAND"]
[Date "2007.04.11"]
[Round "4.13"]
[White "Watier, Simon"]
[Black "Duhamel, Benoit"]
[Result "0-1"]
[WhiteElo "1830"]
[BlackElo "1880"]
[PlyCount "91"]

1. e4 e5 2. Nf3 Nc6 3. Bc4 Nf6 4. d3 Be7 5. c3 O-O 6. O-O d6 7. Nbd2 Bg4 8. h3
Bh5 9. Re1 a6 10. Bb3 Qd7 11. Nf1 Kh8 12. Ng3 Bg6 13. d4 Rad8 14. Nh4 exd4 15.
cxd4 Ne8 16. Nhf5 Bf6 17. Bf4 Bxf5 18. Nxf5 g6 19. e5 Qxf5 20. Bh6 Bg7 21. Bc2
Qd7 22. Bg5 Rc8 23. d5 Nxe5 24. Ba4 b5 25. Bc2 f6 26. Bh4 c5 27. f4 Nc4 28. f5
g5 29. Bg3 Nc7 30. Re6 Nxe6 31. fxe6 Qe7 32. Qh5 f5 33. h4 Ne3 34. Bd3 c4 35.
Be2 Nxd5 36. hxg5 Qxe6 37. Bf3 Bd4+ 38. Kh2 f4 39. Bh4 Ne3 40. Re1 Qg6 41. Qh6
Qxh6 42. gxh6 d5 43. Be7 Rfe8 44. Bb4 Rc6 45. Bxd5 Rxh6+ 46. Kg1 0-1

[Event "Championnat de France des Jeunes - Junio"]
[Site "LE GRAND BORNAND"]
[Date "2007.04.11"]
[Round "4.14"]
[White "Rives, Sylvain"]
[Black "Cyrille, Wilfrid"]
[Result "1/2-1/2"]
[WhiteElo "1600"]
[BlackElo "1650"]
[PlyCount "132"]

1. Nf3 g6 2. g3 Bg7 3. Bg2 Nf6 4. O-O c5 5. c4 Nc6 6. d3 O-O 7. e4 d6 8. Be3
Ng4 9. Qd2 Nxe3 10. fxe3 Bh6 11. Qf2 f5 12. Nc3 fxe4 13. Nxe4 Bf5 14. Neg5 Bg7
15. Nh4 e6 16. Nhf3 h6 17. Ne4 Bxe4 18. dxe4 Ne5 19. Qc2 Qb6 20. Rab1 Qb4 21.
Nxe5 Bxe5 22. Bh3 Kg7 23. Rxf8 Rxf8 24. a3 Qb6 25. Bxe6 Qd8 26. Qb3 Qf6 27. Bh3
Qe7 28. Qd1 Qg5 29. Qe2 h5 30. Re1 Kh6 31. b3 Bc3 32. Rf1 Rxf1+ 33. Kxf1 Be5
34. Qf3 Qe7 35. Kf2 b6 36. a4 Bf6 37. Bc8 Kg7 38. h3 Qe5 39. Qd1 Qb2+ 40. Kf3
Be5 41. Be6 Qh2 42. Qe1 h4 43. gxh4 Qc2 44. h5 gxh5 45. Qg1+ Kf6 46. Bf5 Ke7
47. Bg6 h4 48. Qg4 Qd1+ 49. Kg2 Qxb3 50. Qxh4+ Kd7 51. Qh7+ Kd8 52. Qg8+ Kc7
53. Qf7+ Kb8 54. Qe8+ Kb7 55. Qd7+ Ka6 56. Qb5+ Qxb5 57. axb5+ Ka5 58. Kf3 a6
59. bxa6 Kxa6 60. Ke2 b5 61. cxb5+ Kxb5 62. Bf7 c4 63. Kd2 Kb4 64. Kc2 Bg7 65.
Bg6 Bh6 66. Bf5 Bxe3 1/2-1/2

[Event "Championnat de France des Jeunes - Junio"]
[Site "LE GRAND BORNAND"]
[Date "2007.04.11"]
[Round "4.1"]
[White "Magnin, Segolene"]
[Black "Cloarec, Audrey"]
[Result "1-0"]
[WhiteElo "1796"]
[BlackElo "1859"]
[PlyCount "57"]

1. e4 d5 2. exd5 Qxd5 3. Nc3 Qa5 4. d4 c6 5. Bc4 Nf6 6. Nf3 Bf5 7. Bd2 Qc7 8.
h3 e6 9. Qe2 Be7 10. O-O-O Nbd7 11. Rhe1 O-O-O 12. Ng5 Bg6 13. Bxe6 fxe6 14.
Nxe6 Qa5 15. Nxd8 Bb4 16. Ne6 Bxc3 17. Bxc3 Qxa2 18. Qf3 Nd5 19. Kd2 N7f6 20.
Nc5 Rf8 21. Qg3 Qc4 22. Ra1 a6 23. Ra5 Nb4 24. b3 Qd5 25. Nxa6 Ne4+ 26. Rxe4
Rxf2+ 27. Qxf2 Qxe4 28. Qf8+ Be8 29. Nxb4 1-0

[Event "Championnat de France des Jeunes - Junio"]
[Site "LE GRAND BORNAND"]
[Date "2007.04.11"]
[Round "4.1"]
[White "Maupin, Valerie"]
[Black "Bermond, Stephanie"]
[Result "1-0"]
[WhiteElo "2020"]
[BlackElo "1885"]
[PlyCount "68"]

1. d4 d5 2. Nf3 Nf6 3. e3 e6 4. Bd3 Nbd7 5. Nbd2 Bd6 6. O-O O-O 7. e4 e5 8.
exd5 exd4 9. Nc4 Bc5 10. Bg5 h6 11. Bh4 Be7 12. d6 cxd6 13. Nxd4 d5 14. Nd2 Nc5
15. Bf5 Nfe4 16. Bxe7 Qxe7 17. N2f3 Qf6 18. Bxc8 Raxc8 19. c3 Rfe8 20. Nb3 Na4
21. Qxd5 Nxb2 22. Qxb7 Nxc3 23. Qxa7 Ra8 24. Qc5 Rxa2 25. Rxa2 Nxa2 26. Qb5 Qe7
27. Nbd4 Nb4 28. Nf5 Qe6 29. Qxb4 Nd3 30. Qb5 Rd8 31. N5d4 Qe4 32. Qf5 Rxd4 33.
Nxd4 Qxd4 34. Rd1 Qe5 1-0

[Event "Championnat de France des Jeunes - Junio"]
[Site "LE GRAND BORNAND"]
[Date "2007.04.11"]
[Round "4.1"]
[White "Choisy, Mathilde"]
[Black "Mehiaoui, Dounia"]
[Result "0-1"]
[WhiteElo "2100"]
[BlackElo "1909"]
[PlyCount "98"]

1. e4 e5 2. Nf3 Nc6 3. Bb5 a6 4. Ba4 Nf6 5. O-O Be7 6. Re1 b5 7. Bb3 d6 8. c3
O-O 9. h3 Na5 10. Bc2 c5 11. d4 Qc7 12. Nbd2 Rd8 13. Nf1 cxd4 14. cxd4 exd4 15.
Nxd4 d5 16. e5 Ne4 17. Bf4 Bc5 18. Rc1 Qb6 19. Be3 Nc4 20. Nb3 Bxe3 21. Nxe3
Nxe5 22. Qe2 Bb7 23. Rcd1 Ng6 24. Nxd5 Rxd5 25. Bxe4 Re5 26. Qf3 Rae8 27. Bxb7
Rxe1+ 28. Rxe1 Rxe1+ 29. Kh2 Qd6+ 30. g3 Ne5 31. Qc3 Re2 32. Kg2 Nd3 33. Qc8+
Qf8 34. Qxf8+ Kxf8 35. Bxa6 Rxf2+ 36. Kg1 Rxb2 37. Bxb5 Nc1 38. Bc4 Nxa2 39.
Nd4 Nc3 40. Nf3 f6 41. Bd3 Ne2+ 42. Bxe2 Rxe2 43. Kf1 Ra2 44. Ng1 Kf7 45. Ne2
Ke6 46. Kf2 Ke5 47. Kf3 g5 48. h4 g4+ 49. Ke3 Rxe2+ 0-1

[Event "Championnat de France des Jeunes - Junio"]
[Site "LE GRAND BORNAND"]
[Date "2007.04.11"]
[Round "4.1"]
[White "Bolon, Karelle"]
[Black "Swiercz, Sonia"]
[Result "1-0"]
[WhiteElo "2107"]
[BlackElo "1727"]
[PlyCount "57"]

1. d4 d5 2. Bf4 Bf5 3. c4 c6 4. Qb3 Qb6 5. c5 Qxb3 6. axb3 Nf6 7. Nc3 Na6 8.
Na2 Rc8 9. e3 Nc7 10. Nc3 a6 11. h3 e6 12. Na4 Nb5 13. Nb6 Rd8 14. Bxb5 cxb5
15. Bc7 Be7 16. Bxd8 Bxd8 17. Nf3 Bxb6 18. cxb6 Nd7 19. Rc1 Nxb6 20. Rc7 O-O
21. O-O Rb8 22. Rfc1 Kf8 23. g4 Be4 24. Ne5 f6 25. Nd7+ Nxd7 26. Rxd7 g5 27.
Rcc7 Bg6 28. Rxb7 Rc8 29. Rdc7 1-0

[Event "Championnat de France des Jeunes - Cadets"]
[Site "LE GRAND BORNAND"]
[Date ""]
[Round "4.1"]
[White "Delorme, Axel"]
[Black "Valles, Manuel"]
[Result "1-0"]
[WhiteElo "2305"]
[BlackElo "2081"]
[Annotator ""]

1. e4 c5 2. Nf3 Nc6 3. Bb5 g6 4. O-O Bg7 5. Re1 Nf6 6. c3 O-O 7. h3 d6
8. d4 cxd4 9. cxd4 Bd7 10. Nc3 a6 11. Bf1 Rc8 12. Bg5 h6 13. Bh4 Nh5
14. e5 dxe5 15. d5 Nb8 16. d6 Nf6 17. dxe7 Qxe7 18. Nd5 Qd8 19. Nxe5
g5 20. Nxd7 Nxd5 21. Nxf8 gxh4 22. Ng6 fxg6 23. Qb3 Rc5 24. Rac1 Ra5
25. Qxb7 Nb6 26. Re6 N8d7 27. Rc7 Bd4 28. Rxg6+ Kf7 29. Rxb6 Bxb6 30.
Rxd7+ Kf8 1-0

[Event "Championnat de France des Jeunes - Cadet"]
[Site "LE GRAND BORNAND"]
[Date "2007.04.10"]
[Round "4.2"]
[White "Brethes, Francois"]
[Black "Monsieux, Cyril"]
[Result "0-1"]
[WhiteElo "2180"]
[BlackElo "2301"]
[PlyCount "130"]

1. d4 Nf6 2. Nf3 e6 3. c4 b6 4. e3 Bb7 5. Bd3 d5 6. b3 Bb4+ 7. Bd2 a5 8. a3
Bxd2+ 9. Nbxd2 O-O 10. Qc2 a4 11. b4 dxc4 12. Bxc4 Nbd7 13. O-O Qe7 14. b5 e5
15. dxe5 Nxe5 16. Be2 Rfd8 17. Rfc1 Rd7 18. Nxe5 Qxe5 19. Nf3 Qe4 20. Qxe4 Nxe4
21. Nd4 Nc5 22. Rab1 Bd5 23. Bc4 Bxc4 24. Rxc4 Re8 25. g3 g6 26. Rb2 Kg7 27.
Kg2 Re4 28. Rbb4 Rd5 29. Ne2 Rxc4 30. Rxc4 Rd2 31. Nd4 Ra2 32. Rc3 Kf6 33. Kf3
Rxf2+ 34. Kxf2 Ne4+ 35. Ke2 Nxc3+ 36. Kd3 Nd5 37. Ne2 Ke5 38. e4 Ne7 39. Nc3 f5
40. exf5 gxf5 41. Nxa4 Kd5 42. h4 h5 43. Nb2 Ng6 44. Ke3 f4+ 45. gxf4 Nxh4 46.
a4 Nf5+ 47. Kd3 h4 48. Nd1 h3 49. Nf2 h2 50. Nh1 Nd6 51. Nf2 Ne4 52. Nh1 Nc5+
53. Ke3 Nxa4 54. Kf3 Nc3 55. Kg3 Ke4 56. Nf2+ Kf5 57. Kxh2 Kxf4 58. Kg2 Nxb5
59. Kf1 Ke3 60. Ng4+ Kd2 61. Kf2 Nd6 62. Ne5 b5 63. Nc6 Kc3 64. Ke2 b4 65. Kd1
b3 0-1

[Event "Championnat de France des Jeunes - Cadet"]
[Site "LE GRAND BORNAND"]
[Date "2007.04.10"]
[Round "4.3"]
[White "Curto, Nicolas"]
[Black "Genzling, Alain"]
[Result "1-0"]
[WhiteElo "2082"]
[BlackElo "2199"]
[PlyCount "97"]

1. d4 Nf6 2. c4 g6 3. Nc3 d5 4. cxd5 Nxd5 5. e4 Nxc3 6. bxc3 Bg7 7. Bc4 c5 8.
Ne2 O-O 9. O-O Nc6 10. Be3 Bg4 11. f3 Na5 12. Bd3 cxd4 13. cxd4 Be6 14. d5 Bxa1
15. Qxa1 f6 16. Qd4 Bf7 17. Bh6 Qd6 18. Bxf8 Kxf8 19. Rc1 b6 20. Qc3 Nb7 21.
Qc7 Nc5 22. Qxd6 exd6 23. Bb5 Be8 24. Nd4 Bxb5 25. Nxb5 Ke7 26. Rb1 Kd7 27. Kf2
a6 28. Nd4 b5 29. Nc6 Kc7 30. Ke3 Kb6 31. Kd4 Re8 32. Re1 a5 33. f4 b4 34. e5
fxe5+ 35. fxe5 dxe5+ 36. Nxe5 Kb5 37. Rc1 Na4 38. Rc7 Nc3 39. Rc5+ Ka4 40. d6
Re6 41. Nc4 Ne2+ 42. Kd5 Nf4+ 43. Kc6 b3 44. axb3+ Kxb3 45. Nxa5+ Ka3 46. g3
Nh5 47. Rxh5 gxh5 48. Kc7 Kb4 49. d7 1-0

[Event "Championnat de France des Jeunes - Cadet"]
[Site "LE GRAND BORNAND"]
[Date "2007.04.10"]
[Round "4.4"]
[White "Romain, Xavier"]
[Black "Vernay, Clovis"]
[Result "0-1"]
[WhiteElo "1755"]
[BlackElo "2347"]
[PlyCount "72"]

1. e4 e6 2. d4 d5 3. Nd2 Nf6 4. e5 Nfd7 5. Bd3 c5 6. c3 Nc6 7. Ne2 a5 8. O-O
cxd4 9. cxd4 Nb6 10. f4 g6 11. Nf3 a4 12. a3 Na5 13. Bc2 Nac4 14. Qd3 Bd7 15.
Nc3 Bc6 16. Ng5 Qd7 17. Qh3 h6 18. g4 Bg7 19. Nxf7 Qxf7 20. f5 O-O-O 21. fxg6
Qg8 22. Nxa4 Nxa4 23. b3 Nxe5 24. bxa4 Nxg6 25. Be3 Ne7 26. Rfc1 Bf6 27. a5 Bg5
28. Bxg5 Qxg5 29. Qg3 h5 30. Bd1 hxg4 31. a6 Kd7 32. axb7 Nf5 33. Qe5 Qe3+ 34.
Qxe3 Nxe3 35. Be2 Rb8 36. Rc3 Nf5 0-1

[Event "Championnat de France des Jeunes - Cadet"]
[Site "LE GRAND BORNAND"]
[Date "2007.04.10"]
[Round "4.5"]
[White "Levitt, Olivier"]
[Black "Berthier, Hugo"]
[Result "1/2-1/2"]
[WhiteElo "2010"]
[BlackElo "2076"]
[PlyCount "86"]

1. e4 e5 2. Nf3 Nf6 3. Nxe5 d6 4. Nf3 Nxe4 5. c4 Be7 6. d4 d5 7. Nc3 Nf6 8. Bg5
Nbd7 9. cxd5 Nb6 10. Bxf6 Bxf6 11. Bb5+ Bd7 12. Qe2+ Be7 13. Bxd7+ Qxd7 14. Ne5
Qd6 15. O-O O-O 16. Nc4 Nxc4 17. Qxc4 Qh6 18. Ne4 Rac8 19. Rac1 Kh8 20. Rc3 b6
21. Qe2 f5 22. Nd2 Bb4 23. Rc2 Rfe8 24. Qd3 Bxd2 25. Rxd2 Red8 26. Re2 Rxd5 27.
Re5 Rxe5 28. dxe5 Qe6 29. Rd1 Qxe5 30. Qd8+ Qe8 31. Qg5 g6 32. Qf6+ Kg8 33. h4
c5 34. h5 Qf7 35. Qxf7+ Kxf7 36. Rd7+ Kf6 37. Rxh7 gxh5 38. Rxa7 Rc6 39. Rd7 b5
40. a3 c4 41. Rb7 c3 42. bxc3 Rxc3 43. Rxb5 Rxa3 1/2-1/2

[Event "Championnat de France des Jeunes - Cadet"]
[Site "LE GRAND BORNAND"]
[Date "2007.04.10"]
[Round "4.6"]
[White "Jouneau, Quentin"]
[Black "Frederic, Clement"]
[Result "1-0"]
[WhiteElo "1920"]
[BlackElo "2241"]
[PlyCount "77"]

1. e4 e6 2. d3 d5 3. Nd2 c5 4. g3 Bd6 5. Bg2 Ne7 6. Ngf3 Nbc6 7. O-O O-O 8. Re1
Qc7 9. Qe2 f6 10. Nf1 Bd7 11. h4 Rab8 12. N1h2 b5 13. h5 b4 14. b3 a5 15. a4
bxa3 16. Bxa3 Ra8 17. Bb2 d4 18. Nd2 e5 19. Nc4 Nc8 20. Bf3 Nb6 21. Nxb6 Qxb6
22. Bg4 Bxg4 23. Qxg4 Nb4 24. Rec1 Rfe8 25. Nf3 Bf8 26. Nd2 Ra7 27. Nc4 Qb5 28.
Ra4 Nxc2 29. Qd1 Nb4 30. Rca1 Nc6 31. Bc1 Rea8 32. Bd2 Be7 33. Qg4 Kf7 34. Qf5
Qxb3 35. R4a3 Qc2 36. Rc1 Qxc1+ 37. Bxc1 Nb4 38. Nxe5+ Kg8 39. Qe6+ 1-0

[Event "Championnat de France des Jeunes - Cadet"]
[Site "LE GRAND BORNAND"]
[Date "2007.04.10"]
[Round "4.7"]
[White "Guilleux, Fabien"]
[Black "Scalia, Jerome"]
[Result "1-0"]
[WhiteElo "2203"]
[BlackElo "1927"]
[PlyCount "35"]

1. e4 c5 2. Nf3 d6 3. d4 cxd4 4. Nxd4 Nf6 5. Nc3 g6 6. Be3 Bg7 7. f3 Nc6 8. Qd2
O-O 9. Bc4 Bd7 10. O-O-O Rc8 11. Bb3 Nxd4 12. Bxd4 b5 13. h4 a5 14. h5 a4 15.
Bxf6 axb3 16. Bxg7 b4 17. hxg6 fxg6 18. Qh6 1-0

[Event "Championnat de France des Jeunes - Cadet"]
[Site "LE GRAND BORNAND"]
[Date "2007.04.10"]
[Round "4.8"]
[White "Favarel, Antoine"]
[Black "Huertas, Guillaume"]
[Result "1-0"]
[WhiteElo "2046"]
[BlackElo "1913"]
[PlyCount "65"]

1. e4 c5 2. Nf3 Nc6 3. Bb5 e5 4. Bxc6 dxc6 5. d3 Bd6 6. Be3 Bg4 7. Nbd2 Nf6 8.
h3 Be6 9. Ng5 Qe7 10. Nxe6 Qxe6 11. Bg5 Nd7 12. O-O h6 13. Be3 O-O-O 14. Nc4
Be7 15. Qd2 Nb6 16. Nxb6+ axb6 17. b4 cxb4 18. Bxb6 Rdg8 19. a3 g5 20. axb4 g4
21. d4 Qd6 22. Ra8+ Kd7 23. Bc5 Qe6 24. dxe5+ Kc7 25. Rxg8 Rxg8 26. Bxe7 Qxe7
27. Qf4 Qe6 28. h4 Re8 29. Rd1 Re7 30. Qd2 Re8 31. b5 cxb5 32. Qa5+ Qb6 33.
Rd7+ 1-0

[Event "Championnat de France des Jeunes - Cadet"]
[Site "LE GRAND BORNAND"]
[Date "2007.04.10"]
[Round "4.9"]
[White "Lacour, Cedric"]
[Black "L'Hermitte, Benjamin"]
[Result "1/2-1/2"]
[WhiteElo "1906"]
[BlackElo "2040"]
[PlyCount "114"]

1. e4 c5 2. Nc3 e6 3. d3 Nc6 4. g3 d5 5. Bg2 Nge7 6. f4 dxe4 7. dxe4 Qxd1+ 8.
Nxd1 Nd4 9. Ne3 Nec6 10. c3 Nb5 11. a4 Nc7 12. Nc4 Bd7 13. Be3 Rd8 14. O-O-O b6
15. Nh3 Be7 16. Nd6+ Bxd6 17. Rxd6 Na5 18. Re1 Bxa4 19. Rxd8+ Kxd8 20. Ng5 Ke7
21. e5 h6 22. Ne4 Nc4 23. Bf2 Rd8 24. Bf1 Na5 25. g4 Nb3+ 26. Kb1 Nd2+ 27. Nxd2
Rxd2 28. Bg3 Bb3 29. f5 Nd5 30. h3 exf5 31. gxf5 g5 32. fxg6 fxg6 33. c4 Ne3
34. Bf4 Nxf1 35. Rxf1 Bxc4 36. Rf3 Rd3 37. Rxd3 Bxd3+ 38. Kc1 Ke6 39. Bxh6 Kxe5
40. Bg7+ Ke4 41. h4 b5 42. Bf8 c4 43. Bb4 Kf4 44. Ba5 Kg4 45. Bd8 a5 46. Bxa5
Kxh4 47. Kd2 g5 48. Bd8 b4 49. Be7 b3 50. Bf6 Kg4 51. Ke3 Kf5 52. Bc3 Kg4 53.
Kf2 Kh3 54. Kg1 Kg3 55. Be5+ Kf3 56. Bc3 g4 57. Bh8 c3 1/2-1/2